| 000 | 00482pab a2200181 454500 | ||
|---|---|---|---|
| 008 | 180718b2004 xxu||||| |||| 00| 0 eng d | ||
| 100 | _aKumar, C. Rajendra | ||
| 245 | _aImpact of information technology: rural marketing in India | ||
| 260 | _c2004 | ||
| 300 | _ap.147-50. | ||
| 362 | _a30 Aug | ||
| 650 | _aInformation technology - India | ||
| 650 | _aMarketing - India | ||
| 650 | _aMarketing | ||
| 700 | _aKaptan, Sanjay S. | ||
| 773 | _aUniversity News | ||
| 909 | _a62383 | ||
| 999 |
_c62383 _d62383 |
||